000
00328nam a22001337a 4500
999
_c
13226
_d
13226
020
_a
9788126508174
082
_a
621.319
100
_a
Richard C.Dorf & James A.Svodoba
245
_a
Introduction to Electric Circuits
250
_a
6th Edition
260
_a
India
_b
John Wiley & Sons
_c
2007
300
_a
809 pages
942
_c
BK